00576nam a2200181 a 450000100100000000500170001000800410002702000150006804000250008308200220010810000430013024500660017326000390023930000210027850400320029965000320033165000310036300000797920240305091221.0090914s2006 dr r 000 0 spa d a9945130307 aDO-SdBNPbspacBNPHU a641.509729bN714c1 aNina, Juan B.,d1959-q(Juan Bautista)13aLa cocina caribeña :b(historia y recetas) /cJuan B. Nina. aSanto Domingo :bMediabyte,c2006. a159 p. ;c21 cm. aBibliografía : p. 157-159 4aCocina caribeñaxHistoria 4aPreparación de alimentos